| 000 | 00654nam a22002057a 4500 | ||
|---|---|---|---|
| 999 |
_c7594 _d7594 |
||
| 003 | OSt | ||
| 005 | 20220112131507.0 | ||
| 008 | 220112b ||||| |||| 00| 0 eng d | ||
| 020 | _a9780415494243 | ||
| 040 | _cDDC | ||
| 082 | _a338.1 NOR 2010 | ||
| 100 |
_aNorton, George W. _915522 |
||
| 245 |
_aEconomics of Agricultural Development : _bWorld food Systems and Resource use |
||
| 250 | _aSecond edition | ||
| 260 |
_aNew York,: _bRoutledge; _c2010, |
||
| 300 |
_aix, 465 pages : _b illustrations, maps ; _c24 cm |
||
| 504 | _aIncludes bibliographical references and index. | ||
| 650 |
_aAgriculture -- Economic aspects. _915523 |
||
| 942 |
_2ddc _cBOOK |
||